000 00402nam a2200157Ia 4500
008 230917s9999||||xx |||||||||||||| ||und||
040 _e18867
_aMAIN
041 _aEnglish
082 _a330.9 K522S
100 _aKeynes, John Neville
245 0 _aScope and method of political economy
250 _a4th ed.
260 _aNew York
_bAugustus M Kelley
_c1963
300 _avii, 382 p.
942 _cBK
999 _c148212
_d148212